Measuring of Quality in the Context of E-learning
Hodnotenie kvality elektronického vzdelávania. Modifikované Kirkpatrickove modely.
Enregistré dans:
| Auteur principal: | |
|---|---|
| Autres auteurs: | |
| Format: | Chapitre de livre |
| Langue: | anglais |
| Sujets: | |
| Tags: |
Pas de tags, Soyez le premier à ajouter un tag!
|
MARC
| LEADER | 00000nla$a2200000$$$4500 | ||
|---|---|---|---|
| 001 | 0212409 | ||
| 005 | 20240502083531.6 | ||
| 041 | 0 | |a eng | |
| 044 | |a GB | ||
| 245 | 1 | 0 | |a Measuring of Quality in the Context of E-learning |c Martin Mišút, Katarína Pribilová |
| 520 | |a Hodnotenie kvality elektronického vzdelávania. Modifikované Kirkpatrickove modely. | ||
| 610 | 2 | 0 | |a vzdelávanie elektronické |
| 610 | 2 | 0 | |a kvalita vzdelávania |
| 610 | 2 | 0 | |a modelovanie |
| 100 | 1 | |a Mišút, Martin, 1962- | |
| 700 | 1 | |a Pribilová, Katarína | |